Internet technologies at work / (Record no. 22292)

000 -LEADER
fixed length control field 00554cam a2200181 a 4500
020 ## - INTERNATIONAL STANDARD BOOK NUMBER
ISBN 0072229993 (pbk.)
040 ## - CATALOGING SOURCE
Transcribing agency UKM
082 00 - DEWEY DECIMAL CLASSIFICATION NUMBER
Classification number 004 HOF 2005 C260 Or.
100 1# - MAIN ENTRY--AUTHOR NAME
Personal name Hofstetter, Fred T.
245 10 - TITLE STATEMENT
Title Internet technologies at work /
260 ## - PUBLICATION, DISTRIBUTION, ETC. (IMPRINT)
Place of publication Boston :
Name of publisher McGraw-Hill Technology Education,
Year of publication c2005.
300 ## - PHYSICAL DESCRIPTION
Number of Pages xviii, 622 p. :
Other physical details ill. (chiefly col.) ;
Dimensions 28 cm.
650 #0 - SUBJECT ADDED ENTRY--TOPICAL TERM
Topical Term Internet
650 #0 - SUBJECT ADDED ENTRY--TOPICAL TERM
Topical Term World Wide Web
650 #0 - SUBJECT ADDED ENTRY--TOPICAL TERM
Topical Term Computer networks
856 41 - ELECTRONIC LOCATION AND ACCESS
Uniform Resource Identifier http://www.loc.gov/catdir/enhancements/fy0627/2005297548-t.html
942 ## - ADDED ENTRY ELEMENTS (KOHA)
Koha item type ADB
952 ## - LOCATION AND ITEM INFORMATION (KOHA)
Withdrawn status [LOCAL, KOHA] 0
Holdings
Permanent Location Date acquired Koha item type Lost status Shelving location Barcode Current Location Full call number
Library Block C2023-12-01ADB C260a17472Library Block C004 HOF 2005 C260 Or.
មជ្ឈមណ្ឌលឯការនៃសាកលវិទ្យាល័យភូមិន្ទកសិកម្មចំការដូង

Powered by Koha